La maravillosa medicina de Jorge / (Registro nro. 11800)

Detalles MARC
000 -LIDER
fixed length control field 01015cam a22003133a 4500
001 - NÚMERO DE CONTROL
Identificador de número de control 0000783
003 - IDENTIFICACDOR DE NÚMERO DE CONTROL
control field DO-SdBNP
005 - DATE AND TIME OF LATEST TRANSACTION
control field 20180213142315.0
007 - CAMPOS FIJOS DE DESCRIPCIÓN FÍSICA
fixed length control field 0000783
008 - ELEMENTOS DE LONGITUD FIJA
fixed length control field 861112 2004 mx a 000 0 spa d
010 ## - NUMERO DE CONTROL DE BIBLIOTECA DEL CONGRESO
LC control number
020 ## - ISBN
International Standard Book Number 9681905474
040 ## - FUENTE DE CATALOGACIÓN
Agencia que crea de manera original el registro BPMSU
Agencia que realiza la transcripción spa
Agencia que realiza la modificación BPMSU
--
100 1# - ASIENTO PRINCIPAL -- NOMBRE PERSONAL
Nombre personal Dahl, Roald
240 1# - TITULO UNIFORME
Título uniforme George and the marvellous medicine
245 13 - MENCIÓN DE TITULO
Título La maravillosa medicina de Jorge /
Mención de responsabilidad Roald Dahl ; ilustraciones Quentin Blake
250 ## - MENCIÓN DE EDICION
Mención de edición 2a. ed.
260 ## - PUBLICACIÓN, DISTRIBUCIÓN, ETC. (PIE DE IMPRENTA)
Lugar de publicación, distribución, etc México :
Nombre del editor, distribuidor, etc. Santillana ediciones generales,
-- Alfaguara,
Fecha de publicación, distribución, etc 2004.
Fecha de impresión (3a. reimpresión 2005)
-- (5a. reimpresión 2008)
300 ## - DESCRIPCIÓN FÍSICA
Extensión 118 p. :
Otros detalles físicos il.
Dimensiones 20 cm.
490 0# - MENCIÓN DE SERIES
Mención de serie Alfaguara infantil
500 ## - NOTA GENERAL
Nota general La biblioteca posee la 3ra. reimpresión de julio 2005 de la segunda edición de mayo 1996.
521 ## - TARGET AUDIENCE NOTE
Target audience note A partir de 10 años.
600 00 - ENCABEZAMIENTO DE MATERIA--NOMBRE PERSONAL
Nombre personal
Subdivisión temática general
700 12 - ASIENTO SECUNDARIO -- NOMBRE PERSONAL
Nombre personal Blake, Quentin
Mención de responsabilidad il.
830 #0 - ASIENTO SECUNDARIO DE SERIE--TÍTULO UNIFORME
Título uniforme Alfaguara infantil
942 ## - ADDED ENTRY ELEMENTS (KOHA)
Source of classification or shelving scheme Dewey Decimal Classification
Koha item type Libros
945 ## - INFORMACIÓN DE PROCESAMIENTO LOCAL
Información de procesamiento local Inventariado, 2018/ YL
956 ## - LOCAL ELECTRONIC LOCATION AND ACCESS (OCLC)
Nombre de host YLOCKWARD
Número de acceso 10
Información de compresión BPMSU
Existencias
Withdrawn status Lost status Source of classification or shelving scheme Damaged status Not for loan Collection code Home library Current library Date acquired Source of acquisition Total Checkouts Barcode Date last seen Price effective from Koha item type Copy number
    Dewey Decimal Classification     Colección Infantil General Biblioteca Pública Metropolitana Salomé Ureña Biblioteca Pública Metropolitana Salomé Ureña 11/04/2016 Donado por Alfaguara   BPMSU16110098 11/04/2016 11/04/2016 Libros  
    Dewey Decimal Classification     Colección Infantil General Biblioteca Pública Metropolitana Salomé Ureña Biblioteca Pública Metropolitana Salomé Ureña 11/04/2016 Donado por Alfaguara   BPMSU16110099 11/04/2016 11/04/2016 Libros e. 2
    Dewey Decimal Classification     Colección Infantil General Biblioteca Pública Metropolitana Salomé Ureña Biblioteca Pública Metropolitana Salomé Ureña 02/08/2018 Alfaguara   BPMSU18020106 02/08/2018 02/08/2018 Libros e. 3